01786cam a2200529 i 4500020001500000020001800015020001500033020001800048020001500066020001800081020001500099020001800114020001500132020001800147020001500165020001800180020001500198020001800213020001500231020001800246020001500264020001800279020001500297020001800312020001500330020001800345020001500363020001800378020001500396020001800411020001500429020001800444020001500462020001800477040000800495082002600503245006100529260004600590300004500636520045400681650002501135650001801160650001101178650002901189700002001218700001801238 a0126754020 a9780126754025 a0126754012 a9780126754018 a0126754039 a9780126754032 a0126754047 a9780126754049 a0126754055 a9780126754056 a0126754063 a9780126754063 a0126754071 a9780126754070 a012675408X a9780126754087 a0126754098 a9780126754094 a0126754101 a9780126754100 a012675411X a9780126754117 a0126754128 a9780126754124 a0126754136 a9780126754131 a0126754144 a9780126754148 a0126754160 a9780126754162 cDLC00a581 PRE 1980 A111 Or.04aThe Biochemistry of plants :ba comprehensive treatise / aNew York :bAcademic Press,c1980- avolumes <1-16> :billustrations ;c25 cm aV. 1 The plant cell. v. 2. Metabolism and respiration. v. 3. Carbohydrates. v. 4. Lipids. v. 5. Amino acids and derivates. v. 6. Proteins and nucleic acids. v. 7. Secondary plant products. v. 8. Photosynthesis. v. 9. Lipids: structure a nd function. v. 10. Photosynthesis. v. 11. Biochemistry of metabolism. v. 12. P hysiology of metabolism. v. 13. Methodology. v. 14. Carbohydrates. v. 15. Molecular biology. v.16. Intermediary nitrogen metabolism. 0aBotanical chemistry. 2aBiochemistry. 2aPlants 2aChemistry, Agricultural.1 aStumpf, Paul K.1 aConn, Eric E.